| 000 | 00573nam a22001937a 4500 | ||
|---|---|---|---|
| 003 | OSt | ||
| 005 | 20240430154804.0 | ||
| 008 | 240430b |||||||| |||| 00| 0 eng d | ||
| 020 | _a052144568-x | ||
| 040 | _cDDC | ||
| 082 | _a530.05 DOE 1995 | ||
| 100 | _4Gibbon J.D,Doering R.Charles R. | ||
| 245 | _aApplied Analysis of the Navier-Stokes Equations . | ||
| 260 |
_aNew York _bUniversity of Cambridge _c1995 |
||
| 300 |
_axiii;217p _bIll, _c22.6cm |
||
| 504 | _aIncludes Bibliographical Appendix ,References and Index | ||
| 650 | _aMathematics | ||
| 942 |
_2ddc _cO_SHELF |
||
| 999 |
_c8314 _d8314 |
||